Asian strategic review
The book assesses India`s capabilities as well as existing limitations. It contextualises India`s role in relation to important regions, multinational fora and specific countries in Asia. The publication aims to provide greater clarity on the past, present and future contours of India`s role as a se...
Сохранить в:
| Формат: | |
|---|---|
| Язык: | Undetermined |
| Опубликовано: |
New Delhi
Institute for Defence Studies and Analyses
1992
|
| Предметы: | |
| Метки: |
Добавить метку
Нет меток, Требуется 1-ая метка записи!
|
| Thư viện lưu trữ: | Trung tâm Học liệu Trường Đại học Cần Thơ |
|---|
| LEADER | 00995nam a2200181Ia 4500 | ||
|---|---|---|---|
| 001 | CTU_217011 | ||
| 008 | 210402s9999 xx 000 0 und d | ||
| 082 | |a 355.03305 | ||
| 082 | |b A832 | ||
| 245 | 0 | |a Asian strategic review | |
| 260 | |a New Delhi | ||
| 260 | |b Institute for Defence Studies and Analyses | ||
| 260 | |c 1992 | ||
| 520 | |a The book assesses India`s capabilities as well as existing limitations. It contextualises India`s role in relation to important regions, multinational fora and specific countries in Asia. The publication aims to provide greater clarity on the past, present and future contours of India`s role as a security provider, in light of evolving strategic contours and its security implications. | ||
| 650 | |a Asia,Asia,Châu Á,Châu Á,Châu Á,Asia | ||
| 650 | |x Armed forces,Military policy,Phòng thủ,Lực lượng vũ trang,Chính sách quân sự,Defenses | ||
| 904 | |i Qhieu | ||
| 980 | |a Trung tâm Học liệu Trường Đại học Cần Thơ | ||